000 00415nam a2200181Ia 4500
001 4909
005 20260306145829.0
008 260306t2012||||xx |||||||||||||| ||spa||
041 _aESP
082 _a331.137
_bF75
100 _aForrester, Viviane
_eAUT
245 0 _aEl horror económico
260 _c2012
300 _a166 páginas :
_c21 cm.
650 _aGEN
654 _aCAN
942 _cLIB
_dJUS
_fJUS
_2ddc
_n
999 _c4909
_d4909